00566pam a2200193 a 4500020003000000040000800030082002600038100002000064245004200084260003700126300003500163500005900198650001300257650002800270650001300298650001900311700002100330700002100351 a0070417016 (alk. paper) : cDLC00a306 HIL 1994 A014 Or.1 aBird, Gloria W.10aFamilies and intimate relationships / aNew York :bMcGraw-Hill,cc1994. axix, 512. p. :bill. ;c26 cm. aBased on Marriage and family today, by Keith Melville. 0aFamilies 0aMan-woman relationships 0aMarriage 0aMate selection1 aMelville, Keith.1 aMelville, Keith.